L' Egypte au temps des pharaons. La vie, la science et l'art. Par Victor Loret, ancien membre de l'École Française du Caire, maître de conférences à la Faculté des Lettres de Lyon. Avec 18 photogravures dont douze d'après des dessins à la plume et à la sépia, de Charles Loret

Αποθηκεύτηκε σε:
Λεπτομέρειες βιβλιογραφικής εγγραφής
Κύριος συγγραφέας: Loret, Victor (autor)
Μορφή: Βιβλίο
Γλώσσα:Γαλλικά
Έκδοση: París Librairie J.-B. Baillière et Fils, rue Hautefeuille, 19, près du Boulevard Saint-Germain 1889
Έκδοση:1a. ed
Θέματα:
Ετικέτες: Προσθήκη ετικέτας
Δεν υπάρχουν, Καταχωρήστε ετικέτα πρώτοι!

MARC

LEADER 00000nam a2200000 a 4500
001 UCJ6577
003 CL-VaPUC
008 070124e18890000FR |||||||||||||||||fre|d
082 0 4 |a 932  |b LOR  |2 21 
100 |a Loret, Victor  |e autor  |9 513454 
245 1 3 |a L' Egypte au temps des pharaons. La vie, la science et l'art. Par Victor Loret, ancien membre de l'École Française du Caire, maître de conférences à la Faculté des Lettres de Lyon. Avec 18 photogravures dont douze d'après des dessins à la plume et à la sépia, de Charles Loret 
250 |a 1a. ed 
300 |a 316 p 
942 |c BK 
945 |d 20070124 00:00:00  |a rinostro 
260 |a París  |b Librairie J.-B. Baillière et Fils, rue Hautefeuille, 19, près du Boulevard Saint-Germain  |c 1889 
500 |a Ilustraciones conforme a lo señalado en el índice 
600 0 7 |a VALLE DE LOS REYES  |2 CL-VaPUC  |9 513455 
650 0 |a Arqueología   |9 265619 
650 7 |a EGIPTOLOGIA  |2 CL-VaPUC  |9 265780 
650 0 |a Geografía  |9 259346 
650 7 |a FLORA  |2 CL-VaPUC  |9 264745 
650 7 |a FAUNA  |2 CL-VaPUC  |9 349523 
650 0 |a Arte  |9 265238 
650 0 |a Música  |9 306269 
650 0 |a Pintura  |9 265046 
650 0 |a Cultura  |9 269059 
650 7 |a CEREMONIAL FUNERARIO  |2 CL-VaPUC  |9 513456 
650 7 |a COSMETICOS  |2 CL-VaPUC  |9 259644 
650 0 |a Medicina   |9 258507 
650 0 |a Brujería   |9 335555 
650 7 |a RITOS Y CEREMONIAL  |2 CL-VaPUC  |9 512928 
650 7 |a TEMPLOS  |2 CL-VaPUC  |9 266644 
650 0 |a Monumentos  |9 265246 
650 7 |a PIRAMIDES  |2 CL-VaPUC  |9 310788 
650 7 |a PAPIROS  |2 CL-VaPUC  |9 318278 
650 0 |a Ilustraciones  |9 369481 
651 0 |a Egipto   |9 268199 
583 |a last modification  |c 20130712 06:38:45  |k Rodrigo Vera 
999 |c 322679  |d 322677 
952 |0 0  |1 0  |4 0  |6 932_000000000000000_LOR_1889  |7 0  |8 X  |9 401730  |a FDOBUD  |b FDOBUD  |d 2019-11-22  |i 1049887  |o 932 LOR 1889  |p 1049887  |r 2019-11-22  |w 2019-11-22  |y BK_X  |k BUD